Statistiken für Die 10 bevölkerungsreichsten Länder der Welt

Klicken Sie hier um das Quiz zu spielen!

Allgemein

  • Dieses Quiz wurde 119 mal gespielt
  • Das Durchschnittsergebnis liegt bei 9 aus 10

Antwortstatistiken

ATWORT% Korrekt
China
100%
Indien
99%
USA
98%
Russland
94%
Brasilien
90%
Indonesien
81%
Nigeria
78%
Mexiko
75%
Pakistan
75%
Bangladesch
63%

Verteilung der Resultate

Perzentil nach korrekt beantworteten Fragen

Anzahl Personen mit jedem Resultat

Ihre Resultats-Entwicklung

Sie haben dieses Quiz noch nicht gespielt